000 00455nam a22001937a 4500
003 CEME
005 20210628201638.0
008 210212b xxu||||| |||| 00| 0 eng d
020 _a0-471-05584-0
040 _c.
082 _a519.5 CHA
100 _aBown, Fred Chase, Warren
_956157
245 _aGeneral statistics
250 _a3RD
260 _aNEW YORK
_bJOHN WILEY
_c1997
300 _aXV,789P
650 _aSTATISTICS
_969
942 _cBK
_2ddc
999 _c566669
_d566669